| 000 | 00655nam a22001577a 4500 | ||
|---|---|---|---|
| 003 | OSt | ||
| 005 | 20151026150313.0 | ||
| 008 | 151026b xxu||||| |||| 00| 0 eng d | ||
| 040 | _cRUA | ||
| 082 | _aAVM CHH 2002 B112 Or.1 | ||
| 100 |
_92921 _aCHHUN ANGKEARRATHA |
||
| 245 | _aInfluens of using vegetable oils on the growth of pekin ducks at the research station of r.u.a, (ឥទ្ធិពលនៃការប្រើប្រាស់ប្រេងសណ្ដែកលើការលូតលាស់របស់ពូជទាប៉េកំាង) | ||
| 260 |
_aPhnom Penh _bRua _c2002 |
||
| 300 |
_aviii; 40p. _bill. _c29cm. |
||
| 942 |
_2ddc _cAVM |
||
| 999 |
_c2736 _d2736 |
||